000 00695nam a2200193Ii 4500
003 JO-AjNU
008 230605s9999||||xx |||||||||||||| ||und||
040 _aJO-AjNU
_bara
_erda
_cJO-AjNU
041 _aara
050 1 4 _aBP187.I27
100 3 _aمراجعة وتعليق: الكاتب، سيف الدين,
_eauthor
_98252
245 0 0 _aكتاب الزيارة : من أجوبة شيخ الإسلام ابن تيمية
264 3 1 _aبيروت: دار مكتبة الحياة، د.ت
300 _a143ص
336 _atext
_btxt
_2rdacontent
337 _aunmediated
_bn
_2rdamedia
338 _avolume
_bnc
_2rdacarrier
650 4 _aالمقابر- زيارة- الفقه الاسلامي
_98253
999 _aA694
_c4262
_d4262